Responsabilidad social de la empresas mineras canadienses en México : (Registro nro. 12406)

Detalles MARC
000 -LEADER
fixed length control field 01795nam a2200241Ia 4500
003 - CONTROL NUMBER IDENTIFIER
control field OSt
005 - DATE AND TIME OF LATEST TRANSACTION
control field 20210909153200.0
008 - FIXED-LENGTH DATA ELEMENTS--GENERAL INFORMATION
fixed length control field 210310s2012 w gr 000 0 spa d
020 0# - INTERNATIONAL STANDARD BOOK NUMBER
International Standard Book Number 9783659065163
040 ## - CATALOGING SOURCE
Original cataloging agency CO-JMCR
Transcribing agency CO-JMCR
041 ## - LANGUAGE CODE
Language code of text/sound track or separate title spa
082 04 - DEWEY DECIMAL CLASSIFICATION NUMBER
Classification number 338.23 /
Item number C828r
Edition number 23
100 1# - MAIN ENTRY--PERSONAL NAME
Personal name Cuevas Moreno, Ricardo,
Relator term autor
9 (RLIN) 28144
245 10 - TITLE STATEMENT
Title Responsabilidad social de la empresas mineras canadienses en México :
Remainder of title el caso de la minería San Xavier y el FAO /
Statement of responsibility, etc. Ricardo Cuevas Moreno
260 ## - PUBLICATION, DISTRIBUTION, ETC.
Place of publication, distribution, etc. Alemania :
Name of publisher, distributor, etc. Editorial academia Española,
Date of publication, distribution, etc. 2013.
300 ## - PHYSICAL DESCRIPTION
Extent 63 páginas ;
Dimensions 23 cm.
505 0# - FORMATTED CONTENTS NOTE
Formatted contents note Establecimiento de una matriz institucional y expansión de la industria minera canadiense. -- Establecimiento de una matriz institucional para la acogida de la inversión extranjera directa (IED) en la industria minera México. -- Pros y contras de la RSE en la industria.
520 0# - SUMMARY, ETC.
Summary, etc. Este libro estudia, como los nuevos movimientos comunitarios (NMC) lo muestran, las posibilidades y los límites de la responsabilidad social de las empresas (RSE) en la industria minera canadiense instalada en México entre 1996-2012. Tomamos como caso de estudio, el de la Minera San Xavier (MSX) y el Frente Amplio de Opositor (FAO). Una conclusión se impone: el NMC son la punta de lanza de la lucha social por la defensa del territorio, la vida social autónoma, el respeto del medio ambiente y la soberanía nacional. Entonces, los NMC sobrepasan el marco limitado del RSE mostrando los límites de ésta y poniendo en tela de juicio el poder de Estado y su rol de guardián de la sociedad civil, y de rector de la economía nacional.
650 14 - SUBJECT ADDED ENTRY--TOPICAL TERM
Topical term or geographic name entry element Minería canadiense
9 (RLIN) 40207
650 24 - SUBJECT ADDED ENTRY--TOPICAL TERM
Topical term or geographic name entry element Inversión extranjera
9 (RLIN) 40208
650 24 - SUBJECT ADDED ENTRY--TOPICAL TERM
Topical term or geographic name entry element Industria minera
9 (RLIN) 40209
942 ## - ADDED ENTRY ELEMENTS (KOHA)
Source of classification or shelving scheme Dewey Decimal Classification
Koha item type Books
Existencias
Withdrawn status Lost status Source of classification or shelving scheme Damaged status Not for loan Home library Current library Shelving location Date acquired Source of acquisition Full call number Barcode Date last seen Copy number Price effective from Koha item type
    Dewey Decimal Classification     Biblioteca Pública José María del Castillo y Rada Biblioteca Pública José María del Castillo y Rada General Stacks 04/15/2018 Donación 338.23 / C828r 430013216 05/16/2024 Ej.1 03/10/2021 Books